Sự phát triển lý thuyết trong nghiên cứu xã hội học từ lý thuyết về "quan hệ xã hội" và "cấu trúc xã hội" đến lý thuyết về "thực tiễn xã hội" /
Na minha lista:
| Autor principal: | |
|---|---|
| Formato: | Artigo |
| Idioma: | Vietnamese |
| Tags: |
Adicionar Tag
Sem tags, seja o primeiro a adicionar uma tag!
|
| Thư viện lưu trữ: | Thư viện Trường Đại học Đà Lạt |
|---|
| LEADER | 00689nam a2200217 4500 | ||
|---|---|---|---|
| 001 | DLU140162162 | ||
| 005 | ##20140613 | ||
| 040 | # | # | |a DLU |b vie |
| 041 | # | # | |a vie |
| 044 | # | # | |a vn |
| 100 | # | # | |a Nguyễn Đức Truyến. |
| 245 | # | # | |a Sự phát triển lý thuyết trong nghiên cứu xã hội học từ lý thuyết về "quan hệ xã hội" và "cấu trúc xã hội" đến lý thuyết về "thực tiễn xã hội" / |c Nguyễn Đức Truyến. |
| 773 | # | # | |t Xã hội học |g Số 2(118), 2012, tr. 23-32 |
| 994 | # | # | |a DLU |
| 900 | # | # | |a True |
| 911 | # | # | |a Hoàng Thị Huyền |
| 925 | # | # | |a G |
| 926 | # | # | |a A |
| 927 | # | # | |a BB |
| 980 | # | # | |a Thư viện Trường Đại học Đà Lạt |